00762nam a2200193 a 450000100100000000500170001000800410002702000110006804000250007924501040010426000720020830000260028049000430030650400320034950400730038170000160045471000550047083000430052500004148320201002034929.0131007s1992 sp 000 0 spa d a840008 aDO-SdBNPbspacBNPHU00aHumanismo y visión del otro en la España moderna :bcuatro estudios /cBerta Ares ... [et al.]. aMadrid :bConsejo Superior de Investigaciones Científicas,c1992. aXLI, 248 p. ;c25 cm.1 aBiblioteca de historia de Américav6 aBibliografía : p. 225-248 aIncluye referencias bibliográficas y notas al pie de las páginas1 aAres, Berta2 aConsejo Superior de Investigaciones Científicas, 0aBiblioteca de historia de Américav6